|
|
|
|
| LEADER |
01263naa a2200253 i 4500 |
| 001 |
publ26775 |
| 005 |
20230322083207.0 |
| 008 |
230322s2022 hu o 0|| Magyar d |
| 020 |
|
|
|a 9789636230326
|
| 024 |
7 |
|
|a 33708771
|2 mtmt
|
| 040 |
|
|
|a SZTE Publicatio Repozitórium
|b hun
|
| 041 |
|
|
|a Magyar
|
| 100 |
2 |
|
|a Szpisják-Gulyás Nikolett
|
| 245 |
1 |
0 |
|a Szennyvíz ultraszűrésének modellezése kevertetett membránszűrő cellába integrált promóterrel [Modelling wastewater ultrafiltration with promoter integrated into a stirring membrane filter cell]
|h [elektronikus dokumentum] /
|c Szpisják-Gulyás Nikolett
|
| 260 |
|
|
|a Magyar Agrár- és Élettudományi Egyetem Károly Róbert Campus
|b Gyöngyös
|c 2022
|
| 300 |
|
|
|a 8
|
| 300 |
|
|
|a 642-649
|
| 490 |
0 |
|
|a XVIII. Nemzetközi Tudományos Napok [18th International Scientific Days] : A „Zöld Megállapodás” – Kihívások és lehetőségek [The ’Green Deal’ – Challenges and Opportunities] : Tanulmányok [Publikcations].
|
| 650 |
|
4 |
|a Környezeti biotechnológia
|
| 700 |
0 |
1 |
|a Gergely Gréta
|e aut
|
| 700 |
0 |
1 |
|a Huszár Gabriella
|e aut
|
| 700 |
0 |
1 |
|a Kertész Szabolcs
|e aut
|
| 700 |
0 |
1 |
|a Hodúr Cecilia
|e aut
|
| 856 |
4 |
0 |
|u http://publicatio.bibl.u-szeged.hu/26775/1/SzGulyas.pdf
|z Dokumentum-elérés
|